| 000 | 01089nam a22002657a 4500 | ||
|---|---|---|---|
| 999 |
_c2143 _d2143 |
||
| 003 | AR-CdUCM | ||
| 008 | 190304b ||||| |||| 00| 0 spa d | ||
| 040 |
_aMUNICIPALIDAD PROVINCIAL DEL CUSCO _cBIBLIOTECA MUNICIPAL DEL CUSCO |
||
| 041 | _hger | ||
| 082 |
_a937 / _bAL46 |
||
| 100 |
_aAltheim, Franz _97722 |
||
| 245 | _aHistoria de Roma / | ||
| 260 |
_aMéxico D. F. : _bUTEHA, _c1961. |
||
| 300 |
_a2 tomos ; _c17 cm. |
||
| 440 |
_aManuales UTEHA. _n46-47 _97723 |
||
| 440 |
_aHistoria. _n10 _97724 |
||
| 500 | _at.1: Hasta la batalla de Pydna (168 a. de c.) t.2 : Hasta la batalla de Actium (31 a. de c.) | ||
| 505 | _aContenido: t.1 : La Italia prerromana -- Las formas itálicas y romana -- La Roma primitiva -- Patricidio y plebe -- Decadencia y resurgimiento ... t.2 : Crisis -- Fin de la República -- Ciudad e Imperio -- El poder personal de César -- "Consensus universorum". | ||
| 650 |
_aHistoria _9136 |
||
| 650 |
_aItalia prerromana _97725 |
||
| 650 |
_aSiglo II _97726 |
||
| 700 |
_aGeschichte, Römische (traducción) _97727 |
||
| 942 |
_2ddc _cLIBROS |
||
| 945 | _aachl | ||